000 00331nam a2200145Ia 4500
005 20251222143240.0
008 251222s9999||||xx |||||||||||||| ||spa||
020 _a8433968947
082 _a823/K96
100 _aKureishi, Hanif
245 0 _aIntimidad
250 _a1ra.ed.
264 _bEditorial Anagrama, S.A.
942 _cLIB
999 _c14548
_d14548